[Event "24th Abu Dhabi Masters"]
[Site "Abu Dhabi UAE"]
[Date "2017.08.19"]
[Round "5.36"]
[White "Srija, Seshadri"]
[Black "Arjun, Kalyan"]
[Result "0-1"]
[WhiteTitle "WFM"]
[WhiteElo "2167"]
[BlackElo "2366"]
[WhiteFideId "5055903"]
[BlackFideId "35018701"]
[EventDate "2017.08.14"]

1. e4 e5 2. Nf3 Nc6 3. Bc4 Bc5 4. c3 Nf6 5. d3 O-O 6. O-O d6 7. Nbd2 a6 8. Bb3
h6 9. h3 Re8 10. Re1 Be6 11. Bc2 d5 12. exd5 Bxd5 13. Nf1 Qd7 14. Ng3 Rad8 15.
Nh4 Bf8 16. Nhf5 Qc8 17. Bd2 Kh8 18. Qc1 Be6 19. Nxg7 Bxg7 20. Bxh6 Bf5 21. Qg5
Bg6 22. d4 Nh7 23. Bxg7+ Kxg7 24. Nh5+ Kh8 25. Qh6 Rg8 26. Re4 Qf5 27. Ng3 Qg5
28. Qxg5 Nxg5 29. Rh4+ Nh7 30. Nf5 exd4 31. cxd4 Rd5 32. Be4 Rxf5 33. Bxf5 Bxf5
34. Rc1 Rd8 35. Rc5 Nxd4 36. Rxc7 Kg7 37. Rxb7 Ng5 38. Kh2 Ndf3+ 39. gxf3 Nxf3+
40. Kg3 Nxh4 41. Kxh4 Rh8+ 42. Kg5 Bxh3 43. f4 Rd8 44. Rb6 Rd5+ 45. Kh4 Bf1 46.
Kg3 f6 47. Kf3 Kg6 48. b3 Kf5 49. Ke3 Ra5 50. a4 Rd5 51. Rc6 a5 52. Rb6 Bd3 53.
Rc6 Be4 54. Rb6 Bc2 55. Ke2 Rd4 56. Ke1 Rb4 57. Ra6 Bxb3 58. Rxa5+ Kxf4 59. Ra6
f5 60. a5 Ra4 61. Kd2 Bd5 62. Ra7 Ra2+ 63. Kc3 Ke3 64. a6 f4 65. Re7+ Be4 66. a7
f3 67. Kb3 Ra6 0-1

[Event "24th Abu Dhabi Masters"]
[Site "Abu Dhabi UAE"]
[Date "2017.08.19"]
[Round "5.37"]
[White "Rajdeep, Sarkar"]
[Black "Chifor, Ovidiu-Emanuel"]
[Result "0-1"]
[WhiteTitle "FM"]
[WhiteElo "2360"]
[BlackElo "2245"]
[WhiteFideId "25007963"]
[BlackFideId "1215400"]
[EventDate "2017.08.14"]

1. Nf3 Nf6 2. g3 d5 3. Bg2 c6 4. O-O Bf5 5. d4 e6 6. c4 Nbd7 7. Nc3 h6 8. Qb3
Qb6 9. c5 Qc7 10. Bf4 Qc8 11. Nd2 Be7 12. e4 Nxe4 13. Ncxe4 Bxe4 14. Bxe4 dxe4
15. Nxe4 Nf6 16. Nd6+ Bxd6 17. Bxd6 Ne4 18. Bf4 O-O 19. Qf3 Ng5 20. Bxg5 hxg5
21. Qg4 Qd8 22. Rfe1 Qf6 23. Re5 Rad8 24. Rd1 Rd7 25. Rxg5 Rfd8 26. Re5 Qxe5 27.
dxe5 Rxd1+ 28. Kg2 R1d2 29. Qb4 R8d7 30. h4 Re2 31. a4 Rxe5 32. Kh3 Re2 33. f3
Red2 34. b3 R2d4 35. Qa5 a6 36. b4 Rd3 37. b5 axb5 38. axb5 cxb5 39. Qxb5 Kh7
40. c6 bxc6 41. Qxc6 R7d5 42. Qc2 g6 43. Qe2 Rb3 44. Qe4 Rf5 45. f4 Rd5 46. Qc4
Rdd3 47. h5 Rxg3+ 48. Kh2 gxh5 49. Qe4+ Rg6 50. f5 exf5 51. Qxf5 Rb7 52. Kh3 Re7
53. Kh4 Kg7 54. Kxh5 Re8 0-1

[Event "24th Abu Dhabi Masters"]
[Site "Abu Dhabi UAE"]
[Date "2017.08.19"]
[Round "5.38"]
[White "Phadke, Sohan"]
[Black "Mahjoob Zardast, Morteza"]
[Result "1-0"]
[WhiteTitle "FM"]
[BlackTitle "GM"]
[WhiteElo "2111"]
[BlackElo "2354"]
[WhiteFideId "5016223"]
[BlackFideId "12500798"]
[EventDate "2017.08.14"]

1. e4 c6 2. d4 d5 3. e5 Bf5 4. h4 h5 5. c4 e6 6. Nc3 Ne7 7. Nge2 dxc4 8. Ng3 Bd3
9. Bxd3 cxd3 10. Qxd3 Nd7 11. Qf3 Qb6 12. Be3 Nd5 13. O-O g6 14. Nge4 Be7 15.
Bg5 Qxd4 16. Bxe7 Kxe7 17. Rad1 Qb4 18. a3 Qb6 19. Qg3 Kf8 20. Nd6 Kg7 21. Nce4
Rhf8 22. Kh2 Nc5 23. Nxc5 Qxc5 24. Nxb7 Qb6 25. Nd6 Qxb2 26. f4 Rab8 27. Rb1 Qd4
28. Rxb8 Rxb8 29. f5 Qe3 30. Rf3 Qh6 31. fxe6 fxe6 32. Nf7 Qc1 33. Ng5 Re8 34.
Rf7+ Kg8 35. Qf3 1-0

[Event "24th Abu Dhabi Masters"]
[Site "Abu Dhabi UAE"]
[Date "2017.08.19"]
[Round "5.39"]
[White "Gupta, Abhijeet"]
[Black "Aditya, Mittal"]
[Result "1-0"]
[WhiteTitle "GM"]
[BlackTitle "CM"]
[WhiteElo "2639"]
[BlackElo "2236"]
[WhiteFideId "5010608"]
[BlackFideId "35042025"]
[EventDate "2017.08.14"]

1. Nf3 d5 2. c4 c6 3. g3 Nf6 4. Bg2 g6 5. b3 Bg7 6. Bb2 O-O 7. O-O Nbd7 8. Qc2
Re8 9. d4 b6 10. Nbd2 Bb7 11. e4 dxe4 12. Nxe4 Nxe4 13. Qxe4 Qc7 14. Ne5 f5 15.
Qe2 Nxe5 16. dxe5 c5 17. Bxb7 Qxb7 18. h4 Rad8 19. h5 Qe4 20. Qxe4 fxe4 21. hxg6
hxg6 22. Rfe1 Rf8 23. Rad1 e3 24. fxe3 Rxd1 25. Rxd1 Bh6 26. Rd3 Kf7 27. Kf2
Ke6+ 28. Ke2 Bg7 29. Rd2 a6 30. Bc3 g5 31. g4 Rh8 32. Kf3 b5 33. Rd5 Rh3+ 34.
Ke4 bxc4 35. Rxc5 cxb3 36. Rc6+ Kd7 37. Rxa6 Kc7 38. axb3 Rg3 39. Ra7+ Kc6 40.
Ra6+ Kc7 41. Rg6 Bf8 42. Ba5+ Kb7 43. Rxg5 Bh6 44. Rh5 Bxe3 45. Be1 Rg1 46. Kxe3
Rxe1+ 47. Kf4 Kc6 48. Rh3 Kd5 49. Re3 Rf1+ 50. Kg5 Kd4 51. Re2 e6 52. b4 Kd3 53.
Ra2 Ke4 54. b5 Kxe5 55. Rb2 Rf8 56. b6 Rg8+ 57. Kh6 Kf6 58. g5+ Kf7 59. Rf2+ Ke7
60. g6 Rh8+ 61. Kg5 Rb8 62. g7 e5 63. Rf8 Rxf8 64. gxf8=Q+ Kxf8 65. b7 1-0

[Event "24th Abu Dhabi Masters"]
[Site "Abu Dhabi UAE"]
[Date "2017.08.19"]
[Round "5.40"]
[White "Dileep, Kumar R"]
[Black "Golubov, Saveliy"]
[Result "0-1"]
[BlackTitle "IM"]
[WhiteElo "2234"]
[BlackElo "2512"]
[WhiteFideId "25014927"]
[BlackFideId "24176729"]
[EventDate "2017.08.14"]

1. e4 e5 2. Nf3 Nc6 3. Bb5 Nge7 4. O-O g6 5. d4 exd4 6. Nxd4 Bg7 7. Be3 a6 8.
Be2 O-O 9. c3 b5 10. Qc2 Bb7 11. Nd2 d6 12. f4 Re8 13. Rae1 Nxd4 14. Bxd4 c5 15.
Bxg7 Kxg7 16. Bf3 c4 17. e5 dxe5 18. Bxb7 Qb6+ 19. Kh1 Qxb7 20. fxe5 Nf5 21. Nf3
Rad8 22. Qe4 Qxe4 23. Rxe4 Rd3 24. Rfe1 h5 25. Kg1 Red8 26. Kf2 Kg8 27. e6 fxe6
28. Rxe6 R3d6 29. Rxd6 Rxd6 30. Ra1 g5 31. Re1 g4 32. Ng5 Kg7 33. Ne4 Rd5 34. b3
h4 35. g3 Rd3 36. bxc4 bxc4 37. Re2 0-1

[Event "24th Abu Dhabi Masters"]
[Site "Abu Dhabi UAE"]
[Date "2017.08.19"]
[Round "5.41"]
[White "Asgarizadeh, Ahmad"]
[Black "Mithil, Ajgaonkar"]
[Result "1-0"]
[WhiteTitle "IM"]
[WhiteElo "2423"]
[BlackElo "2224"]
[WhiteFideId "12505684"]
[BlackFideId "5017343"]
[EventDate "2017.08.14"]

1. e4 d5 2. exd5 Qxd5 3. Nc3 Qa5 4. Nf3 Nf6 5. d4 c6 6. Bd2 Bf5 7. Bc4 e6 8. Nd5
Qd8 9. Nxf6+ gxf6 10. Qe2 Nd7 11. O-O-O Nb6 12. Bb3 Qd7 13. Nh4 Bg6 14. Ba5 Nd5
15. Nxg6 hxg6 16. c4 Ne7 17. Kb1 Bg7 18. d5 cxd5 19. cxd5 e5 20. h4 Nf5 21. h5
b6 22. Bb4 O-O-O 23. d6 Kb8 24. Bd5 gxh5 25. Bf3 a5 26. Bxa5 Qa7 27. Bb4 Nd4 28.
Rxd4 exd4 29. Qb5 Rd7 30. Bc5 Rb7 31. Bxb7 Kxb7 32. Re1 Bf8 33. Re8 Bxd6 34.
Qd7+ Ka6 35. Qxa7+ Kxa7 36. Bxb6+ Kxb6 37. Rxh8 Kc5 38. Kc2 1-0

[Event "24th Abu Dhabi Masters"]
[Site "Abu Dhabi UAE"]
[Date "2017.08.19"]
[Round "5.43"]
[White "Kulkarni, Vinayak"]
[Black "Jeet, Jain"]
[Result "1-0"]
[WhiteElo "2204"]
[BlackElo "2361"]
[WhiteFideId "5021332"]
[BlackFideId "5073022"]
[EventDate "2017.08.14"]

1. d4 d5 2. c4 e6 3. Nc3 Be7 4. cxd5 exd5 5. Bf4 Nf6 6. e3 Bf5 7. Qb3 Qc8 8. Nf3
c6 9. Nh4 Be6 10. Nf3 Nbd7 11. Bd3 Ne4 12. Qc2 f5 13. h4 Ndf6 14. Ne5 O-O 15. h5
c5 16. Ne2 Nxf2 17. Kxf2 c4 18. Nc3 cxd3 19. Qxd3 Bb4 20. Nb5 Ne4+ 21. Ke2 Qd8
22. Rac1 Ba5 23. b4 Bb6 24. Nc3 a5 25. b5 a4 26. Qb1 Qe7 27. Nxe4 fxe4 28. g3
Rf5 29. Rh2 Qe8 30. Rch1 Ra5 31. h6 g6 32. Rc1 Rxb5 33. Qa1 Rb4 34. Kf2 g5 35.
Kg1 a3 36. Qc3 Qb5 37. Qxa3 Qa5 38. Qxa5 Bxa5 39. g4 Rxf4 40. exf4 gxf4 41. a3
Rxd4 42. Rb2 Rc4 43. Nxc4 dxc4 44. Rxb7 c3 45. Rb5 Bc7 46. Rxc3 Bd6 47. Rc6 Bd7
48. Rg5+ 1-0

[Event "24th Abu Dhabi Masters"]
[Site "Abu Dhabi UAE"]
[Date "2017.08.19"]
[Round "5.44"]
[White "Mrudul, Dehankar"]
[Black "Sadhwani, Raunak"]
[Result "1/2-1/2"]
[WhiteTitle "WCM"]
[BlackTitle "FM"]
[WhiteElo "2155"]
[BlackElo "2359"]
[WhiteFideId "25096990"]
[BlackFideId "35093487"]
[EventDate "2017.08.14"]

1. d4 Nf6 2. Nf3 g6 3. c4 Bg7 4. Nc3 O-O 5. e4 d6 6. Be2 e5 7. dxe5 dxe5 8. Qxd8
Rxd8 9. Bg5 Re8 10. O-O-O c6 11. Nd2 Na6 12. f3 Nc5 13. Be3 Nfd7 14. Nb3 Nxb3+
15. axb3 Bf8 16. Na4 b6 17. Rd2 Bb4 18. Rc2 Nb8 19. Rd1 Na6 20. Kb1 Be6 21. Rcc1
Rab8 22. Nc3 Bf8 23. Rd2 Rb7 24. Rcd1 Be7 25. Nd5 Bd8 26. Nb4 Nxb4 27. Rxd8 Rb8
28. Rxb8 Rxb8 29. Bd2 c5 30. Bxb4 cxb4 31. Kc2 Kf8 32. Kd2 Ke7 33. Ke3 Rc8 34.
g3 Rc5 35. h4 f6 36. Bf1 Rc8 37. Be2 Rc7 38. Ra1 Rd7 39. Rd1 Rc7 40. f4 Rc5 41.
Ra1 a5 42. Bf3 h6 43. Be2 Bc8 44. Rd1 Be6 45. Ra1 Bd7 46. Rd1 Bc6 47. f5 gxf5
48. exf5 Be8 49. g4 Bf7 50. Ra1 Rc8 51. Bf3 Be8 52. Bd5 Bd7 53. Ke4 Rf8 54. c5
bxc5 55. Rxa5 h5 56. gxh5 Rh8 57. Ra7 Rxh5 58. Be6 Rxh4+ 59. Kd5 Rd4+ 60. Kxc5
Kd8 61. Ra8+ Ke7 62. Ra7 1/2-1/2

[Event "24th Abu Dhabi Masters"]
[Site "Abu Dhabi UAE"]
[Date "2017.08.19"]
[Round "5.45"]
[White "Muradli, Mahammad"]
[Black "Alinasab, Mobina"]
[Result "1-0"]
[WhiteTitle "FM"]
[BlackTitle "WFM"]
[WhiteElo "2357"]
[BlackElo "2208"]
[WhiteFideId "13409301"]
[BlackFideId "12528897"]
[EventDate "2017.08.14"]

1. d4 e6 2. c4 Nf6 3. Nf3 Bb4+ 4. Bd2 a5 5. g3 d6 6. Bg2 Nbd7 7. O-O e5 8. dxe5
dxe5 9. Nc3 O-O 10. Qc2 Qe7 11. Bg5 Bxc3 12. Qxc3 Re8 13. Qc2 h6 14. Bd2 Nc5 15.
Bc3 e4 16. Nd4 Bd7 17. Nb5 Bc6 18. Bxf6 gxf6 19. Nd4 Bd7 20. Qd2 Kg7 21. Qe3
Rad8 22. Rad1 Qe5 23. Rd2 Bc8 24. Rfd1 Rd6 25. h4 Red8 26. Kh2 Bg4 27. Nb5 Rxd2
28. Rxd2 Rxd2 29. Qxd2 b6 30. Nc3 Be6 31. b3 f5 32. Nb5 c6 33. Nd4 Bd7 34. Qe3
Qf6 35. Bh3 Nb7 36. Qd2 Qe5 37. Nc2 Nd6 38. Ne1 f6 39. Ng2 Be6 40. Nf4 Bf7 41.
e3 Kf8 42. Bf1 Ke7 43. Be2 Qa1 44. c5 bxc5 45. Qxa5 Nb5 46. Bxb5 cxb5 47. Qc7+
Kf8 48. Qxc5+ Kg7 49. Qxb5 Qxa2 50. Kg2 Qxb3 51. Qxf5 Qc2 52. h5 Qc6 53. Qg4+
Kh7 54. Ng6 Qe8 55. Nf4 Qc6 56. Qf5+ Kg7 57. g4 Qe8 58. Ne2 Bg8 59. Ng3 Bh7 60.
Qd5 Qe7 61. Nf5+ Bxf5 62. Qxf5 Qe8 63. Kg1 Qa4 64. Qg6+ Kf8 65. Qxf6+ Ke8 66.
Kg2 Qd1 67. Qg6+ Ke7 68. Qxe4+ 1-0

[Event "24th Abu Dhabi Masters"]
[Site "Abu Dhabi UAE"]
[Date "2017.08.19"]
[Round "5.46"]
[White "Davtyan, Artur"]
[Black "Nandhidhaa, PV"]
[Result "1-0"]
[WhiteTitle "FM"]
[BlackTitle "WIM"]
[WhiteElo "2298"]
[BlackElo "2182"]
[WhiteFideId "13308327"]
[BlackFideId "5050847"]
[EventDate "2017.08.14"]

1. d4 Nf6 2. c4 g6 3. Nc3 d5 4. cxd5 Nxd5 5. e4 Nxc3 6. bxc3 Bg7 7. Qa4+ Nd7 8.
Nf3 c5 9. Be2 O-O 10. O-O Nb6 11. Qa3 cxd4 12. cxd4 Bg4 13. Bg5 Bxf3 14. Bxf3
Qxd4 15. Rad1 Qe5 16. Bxe7 Rfc8 17. Bd6 Rc3 18. Qb4 Qg5 19. e5 Rxf3 20. h4 Qf5
21. gxf3 Qxf3 22. Rd4 Bh6 23. Qb3 Qf5 24. Kg2 Rc8 25. Qf3 Qc2 26. Qxb7 Qxa2 27.
Bc7 Qe6 28. Rfd1 Nd5 29. Qxd5 Qxd5+ 30. Rxd5 Rxc7 31. Rd8+ Bf8 32. h5 gxh5 33.
Kh3 Rc6 34. Ra8 Kg7 35. Rxa7 Bc5 36. Rg1+ Kf8 37. Ra8+ Ke7 38. Rc1 Kd7 39. Ra2
Rc7 40. Rd2+ Kc8 41. Rdc2 Bb6 42. Rxc7+ Bxc7 43. Rc6 Kd7 44. Rf6 Ke8 45. Rf5 Bb6
46. f3 Be3 47. Rxh5 h6 48. Kg4 Ke7 49. f4 f6 50. exf6+ Kxf6 51. Rxh6+ Kg7 52.
Rc6 Bd4 53. Kg5 Be3 54. Rc7+ Kf8 55. Kf6 Bd4+ 56. Kg6 Bb6 57. Rb7 Bd4 58. f5 Bc3
59. f6 Be5 60. Ra7 1-0

[Event "24th Abu Dhabi Masters"]
[Site "Abu Dhabi UAE"]
[Date "2017.08.19"]
[Round "5.47"]
[White "Ashwath, R."]
[Black "Mahalakshmi, M"]
[Result "0-1"]
[BlackTitle "WIM"]
[WhiteElo "2290"]
[BlackElo "2140"]
[WhiteFideId "5021049"]
[BlackFideId "5001080"]
[EventDate "2017.08.14"]

1. Nf3 Nf6 2. c4 d6 3. d4 Nc6 4. g3 e5 5. dxe5 dxe5 6. Qxd8+ Kxd8 7. Bg5 h6 8.
Bxf6+ gxf6 9. Nc3 Be6 10. O-O-O+ Kc8 11. Nd5 Bc5 12. e3 f5 13. h4 Rd8 14. Bh3 e4
15. Nd2 Ne5 16. Nf4 b6 17. Nb3 Nxc4 18. Nd4 Bxd4 19. exd4 Nd6 20. g4 Kb7 21. d5
Bd7 22. g5 hxg5 23. hxg5 Rac8 24. Kb1 Rh8 25. Rdg1 Rcg8 26. Rg3 Rh4 27. Ng2 Rh5
28. f4 exf3 29. Rxf3 Rhxg5 30. Ne3 Rg3 31. Rxg3 Rxg3 32. Ng2 Ne4 33. Rh2 Nf2 34.
Nf4 Rf3 0-1

[Event "24th Abu Dhabi Masters"]
[Site "Abu Dhabi UAE"]
[Date "2017.08.19"]
[Round "5.48"]
[White "Prieto Aranguren, Alain"]
[Black "Pujari, Rucha"]
[Result "1-0"]
[BlackTitle "WIM"]
[WhiteElo "2286"]
[BlackElo "2153"]
[WhiteFideId "2268906"]
[BlackFideId "5024528"]
[EventDate "2017.08.14"]

1. d4 b6 2. e4 Bb7 3. Bd3 g6 4. Nf3 Bg7 5. c4 d6 6. Nc3 Nd7 7. O-O e5 8. d5 Ne7
9. Be3 h6 10. Nd2 O-O 11. b4 f5 12. f3 f4 13. Bf2 g5 14. c5 Nf6 15. Nc4 Ng6 16.
cxd6 cxd6 17. Nb5 Ne8 18. a4 Qe7 19. a5 a6 20. Nxb6 axb5 21. Nxa8 Bxa8 22. Bxb5
g4 23. Bc6 g3 24. Bxa8 gxf2+ 25. Rxf2 Bf6 26. Bc6 Qa7 27. b5 Bh4 28. b6 Bxf2+
29. Kxf2 Qb8 30. Qb1 Nc7 31. bxc7 Qxc7 32. Qb7 Qd8 33. a6 Qh4+ 34. Kg1 Qg5 35.
Qd7 Kh8 36. a7 Rg8 37. a8=Q Nf8 38. Qh3 h5 39. Qac8 Qh6 40. Ra7 h4 41. Qcf5 1-0

[Event "24th Abu Dhabi Masters"]
[Site "Abu Dhabi UAE"]
[Date "2017.08.19"]
[Round "5.49"]
[White "Gurpreet, Singh Maras"]
[Black "Senthil, Maran K"]
[Result "1/2-1/2"]
[WhiteElo "2247"]
[BlackElo "2124"]
[WhiteFideId "5014433"]
[BlackFideId "25035681"]
[EventDate "2017.08.14"]

1. Nf3 d5 2. e3 Nf6 3. b3 g6 4. Bb2 Bg7 5. Be2 O-O 6. O-O c5 7. c4 Nc6 8. cxd5
Qxd5 9. Nc3 Qd7 10. Na4 b6 11. d4 cxd4 12. Nxd4 Nxd4 13. Qxd4 Qxd4 14. Bxd4 Bb7
15. Rac1 Rac8 16. Nc3 Ne4 17. Bxg7 Kxg7 18. Nxe4 Bxe4 19. Ba6 Rxc1 20. Rxc1 Rd8
21. f3 Bf5 22. e4 Be6 23. Rc2 Rd1+ 24. Kf2 Ra1 25. Bb5 g5 26. g3 f5 27. exf5
Bxf5 28. Re2 Kf6 29. Bc4 h5 30. Ke3 h4 31. f4 hxg3 32. fxg5+ Kxg5 33. hxg3 e5
34. Kf2 Kf6 35. a4 Be6 1/2-1/2

[Event "24th Abu Dhabi Masters"]
[Site "Abu Dhabi UAE"]
[Date "2017.08.19"]
[Round "5.50"]
[White "Manafov, Vugar"]
[Black "Michelle Catherina, P"]
[Result "1-0"]
[BlackTitle "WIM"]
[WhiteElo "2240"]
[BlackElo "2101"]
[WhiteFideId "13410814"]
[BlackFideId "5005736"]
[EventDate "2017.08.14"]

1. d4 Nf6 2. c4 e6 3. Nf3 d5 4. Nc3 Bb4 5. cxd5 exd5 6. Bg5 h6 7. Bh4 Nbd7 8. e3
c5 9. Bd3 c4 10. Bf5 Nb6 11. Bxc8 Rxc8 12. O-O O-O 13. Qc2 Re8 14. a3 Ba5 15.
Ne5 Re6 16. Ng4 Bxc3 17. Nxf6+ gxf6 18. bxc3 Re4 19. Bg3 Kg7 20. Bf4 Qd7 21. f3
Re7 22. e4 Rce8 23. Rae1 f5 24. Qd2 Qe6 25. Re3 h5 26. exd5 Qxd5 27. Rxe7 Rxe7
28. Be5+ Kg6 29. Bf6 1-0

[Event "24th Abu Dhabi Masters"]
[Site "Abu Dhabi UAE"]
[Date "2017.08.19"]
[Round "5.51"]
[White "Raetsky, Alexander"]
[Black "Fadeev, Semen"]
[Result "0-1"]
[WhiteTitle "GM"]
[WhiteElo "2381"]
[BlackElo "2161"]
[WhiteFideId "4103203"]
[BlackFideId "4177738"]
[EventDate "2017.08.14"]

1. d4 e6 2. c4 f5 3. Nc3 Nf6 4. Nf3 Be7 5. g3 O-O 6. Bg2 d6 7. O-O Ne4 8. Qc2
Nxc3 9. Qxc3 Bf6 10. Rd1 Qe7 11. Qa3 Nc6 12. Be3 Nd8 13. Rac1 Bd7 14. b4 Nf7 15.
b5 a6 16. Qb3 axb5 17. cxb5 Rfc8 18. a4 d5 19. Bd2 b6 20. Bb4 Qe8 21. Ne5 Bxe5
22. dxe5 c6 23. g4 fxg4 24. e4 Nxe5 25. exd5 cxd5 26. Rxc8 Rxc8 27. Re1 Nf3+ 28.
Bxf3 gxf3 29. Qxf3 Rc4 30. Bd6 Rxa4 31. h3 Qg6+ 32. Kh2 Qf7 33. Qg3 Ra2 34. Kg1
Qg6 35. Qxg6 hxg6 36. Rc1 Ra7 37. f4 Bxb5 38. Rc8+ Kh7 39. Rb8 Bc4 40. Be5 g5
41. Rxb6 Re7 42. fxg5 Kg6 43. h4 Kf5 44. Bb2 e5 45. Kf2 d4 46. Kg3 Be2 47. Rb8
Bh5 48. Rh8 g6 49. Rf8+ Ke4 50. Bc1 Kd3 51. Ra8 e4 52. Kf2 e3+ 53. Ke1 Rc7 54.
Ra3+ Ke4 55. Ra1 d3 56. Ra4+ Kf3 0-1

[Event "24th Abu Dhabi Masters"]
[Site "Abu Dhabi UAE"]
[Date "2017.08.19"]
[Round "5.52"]
[White "Harshal, Shahi"]
[Black "Eynullayev, Altay"]
[Result "1-0"]
[WhiteTitle "FM"]
[BlackTitle "FM"]
[WhiteElo "2130"]
[BlackElo "2255"]
[WhiteFideId "5048257"]
[BlackFideId "13413562"]
[EventDate "2017.08.14"]

1. e4 c5 2. Nf3 d6 3. d4 cxd4 4. Nxd4 Nf6 5. Nc3 a6 6. Be3 e5 7. Nf3 Be7 8. Bc4
O-O 9. O-O Qc7 10. Bb3 Be6 11. Re1 Re8 12. Bg5 Nbd7 13. Nd2 b5 14. a3 Nb6 15.
Nf1 Rac8 16. Ne3 Qc5 17. Qe2 Nc4 18. Bxc4 bxc4 19. Bxf6 Bxf6 20. Ned5 Bg5 21.
Na4 Qb5 22. Nac3 Qc6 23. Kh1 Rb8 24. Reb1 f5 25. f3 Rf8 26. b4 cxb3 27. cxb3
fxe4 28. fxe4 Rf7 29. b4 Rbf8 30. Rf1 Bxd5 31. Nxd5 Qc2 32. Qxa6 Qa4 33. Qc4
Rxf1+ 34. Rxf1 Rxf1+ 35. Qxf1 Qxa3 36. Qb1 Qa7 37. b5 Bd8 38. b6 Qb7 39. h3 Kf8
40. Qb5 Kf7 41. Qa4 Qc8 42. Qa7+ Kg6 43. b7 Qc1+ 44. Kh2 Bg5 45. b8=Q Bf4+ 46.
Nxf4+ Qxf4+ 47. Kh1 1-0

[Event "24th Abu Dhabi Masters"]
[Site "Abu Dhabi UAE"]
[Date "2017.08.19"]
[Round "5.53"]
[White "Patil, Pratik"]
[Black "Priyanka, Nutakki"]
[Result "1/2-1/2"]
[WhiteElo "2246"]
[BlackElo "2160"]
[WhiteFideId "5038758"]
[BlackFideId "25049615"]
[EventDate "2017.08.14"]

1. e4 e6 2. d4 d5 3. Nd2 dxe4 4. Nxe4 Nd7 5. Nf3 Ngf6 6. Bd3 Nxe4 7. Bxe4 c5 8.
c3 Nf6 9. Bc2 cxd4 10. Nxd4 Bd7 11. O-O Qc7 12. Qf3 Bd6 13. h3 Be5 14. Rd1 h6
15. Qe2 O-O 16. Nf3 Bd6 17. Be3 Rfe8 18. Rd2 e5 19. Rad1 Bf8 20. Nh4 Be6 21. Nf5
Qc6 22. Ng3 1/2-1/2

[Event "24th Abu Dhabi Masters"]
[Site "Abu Dhabi UAE"]
[Date "2017.08.19"]
[Round "5.54"]
[White "Ayyad, Husain"]
[Black "Priyanka, K"]
[Result "1-0"]
[WhiteTitle "FM"]
[WhiteElo "2208"]
[BlackElo "2106"]
[WhiteFideId "11200243"]
[BlackFideId "5082986"]
[EventDate "2017.08.14"]

1. e4 c5 2. Nf3 d6 3. d4 cxd4 4. Qxd4 a6 5. Be2 Nc6 6. Qe3 Nf6 7. h3 g6 8. O-O
Bg7 9. Rd1 Nd7 10. c4 O-O 11. Nc3 b6 12. Rb1 Bb7 13. b3 Nce5 14. Nxe5 Bxe5 15.
Nd5 Bxd5 16. cxd5 b5 17. Bd2 Rc8 18. Rdc1 Nc5 19. h4 e6 20. b4 Na4 21. dxe6
Rxc1+ 22. Rxc1 fxe6 23. g3 Qf6 24. Bg4 Nb2 25. Kg2 Nc4 26. Qe2 Bd4 27. f4 e5 28.
Rf1 Qe7 29. f5 gxf5 30. Bxf5 Kh8 31. Bg5 Qg7 32. Qh5 Be3 33. Bxh7 Rxf1 34. Bf5+
Kg8 35. Kxf1 Bxg5 36. hxg5 Kf8 37. Ke2 Ke7 38. Qh6 Kf8 39. Be6 Na3 40. Kd3 Nc4
41. Bxc4 bxc4+ 42. Kxc4 Qxh6 43. gxh6 Kf7 44. g4 Kg6 45. g5 Kh7 46. Kd5 1-0

[Event "24th Abu Dhabi Masters"]
[Site "Abu Dhabi UAE"]
[Date "2017.08.19"]
[Round "5.55"]
[White "Abhilash, Reddy M.L."]
[Black "Chitlange, Sakshi"]
[Result "1/2-1/2"]
[BlackTitle "WIM"]
[WhiteElo "2188"]
[BlackElo "2073"]
[WhiteFideId "5024668"]
[BlackFideId "35002899"]
[EventDate "2017.08.14"]

1. d4 Nf6 2. Nf3 e6 3. c4 Bb4+ 4. Bd2 Qe7 5. g3 Bxd2+ 6. Qxd2 Ne4 7. Qc2 Qb4+ 8.
Nbd2 Nxd2 9. Nxd2 Nc6 10. e3 Qe7 11. Bg2 d6 12. a3 a5 13. Qc3 O-O 14. O-O a4 15.
d5 Nb8 16. Rac1 Nd7 17. dxe6 Qxe6 18. f4 Nc5 19. Rce1 Bd7 20. e4 Bc6 21. Re3
Rfe8 22. Rfe1 Qd7 23. Qc2 f6 24. Nf3 Nb3 25. Qc3 Rad8 26. Kf2 Qc8 27. R1e2 b6
28. h4 Qa8 29. Nd4 Nxd4 30. Qxd4 Qa5 31. Bf3 Kh8 32. h5 h6 33. g4 Rd7 34. Rd2
Rde7 35. Rde2 Bb7 36. Re1 Bc6 37. R1e2 Bb7 38. Re1 1/2-1/2

[Event "24th Abu Dhabi Masters"]
[Site "Abu Dhabi UAE"]
[Date "2017.08.19"]
[Round "5.56"]
[White "Al Hosani, Omran"]
[Black "Pratyusha, Bodda"]
[Result "1-0"]
[WhiteTitle "CM"]
[BlackTitle "WIM"]
[WhiteElo "2012"]
[BlackElo "2171"]
[WhiteFideId "9308733"]
[BlackFideId "5000629"]
[EventDate "2017.08.14"]

1. d4 d5 2. Bf4 Nf6 3. e3 e6 4. Nf3 c5 5. c3 Nc6 6. Nbd2 Bd6 7. Ne5 O-O 8. Bd3
Ne7 9. g4 cxd4 10. exd4 Ng6 11. Bg3 Qc7 12. Qe2 Nd7 13. f4 Re8 14. O-O-O Ngf8
15. g5 Rb8 16. Qh5 g6 17. Qe2 b5 18. Kb1 b4 19. c4 dxc4 20. Ndxc4 b3 21. a3 Bb7
22. Rhf1 Rbc8 23. Rc1 Nb6 24. Nxf7 Nxc4 25. Nh6+ Kg7 26. Bxc4 Qb6 27. Qd3 Bd5
28. f5 Rxc4 29. f6+ Kh8 30. Nf7+ Kg8 31. Nxd6 Rxc1+ 32. Rxc1 Rd8 33. f7+ 1-0

[Event "24th Abu Dhabi Masters"]
[Site "Abu Dhabi UAE"]
[Date "2017.08.19"]
[Round "5.57"]
[White "Hakobyan, Eduard"]
[Black "Alothman, Abdul Wahab"]
[Result "1-0"]
[BlackTitle "CM"]
[WhiteElo "2164"]
[BlackElo "2047"]
[WhiteFideId "13310860"]
[BlackFideId "10300015"]
[EventDate "2017.08.14"]

1. e4 e6 2. d4 d5 3. Nd2 Be7 4. Bd3 c5 5. dxc5 Nf6 6. Ngf3 a5 7. O-O O-O 8. exd5
Qxd5 9. Nc4 Bxc5 10. Be3 Nbd7 11. Re1 b5 12. Bxc5 Qxc5 13. Nce5 Nb6 14. c3 Bb7
15. Qb3 b4 16. Rac1 Rac8 17. Qd1 Bd5 18. c4 Bb7 19. b3 Rcd8 20. Qc2 h6 21. Rcd1
Nbd7 22. Rd2 Qc7 23. Nxd7 Nxd7 24. Be4 Nc5 25. Bxb7 Nxb7 26. Red1 Rxd2 27. Rxd2
Rd8 28. Qd1 Rd6 29. Rxd6 Nxd6 30. Qd4 Nb5 31. Qe5 Qxe5 32. Nxe5 Na7 33. c5 f6
34. Nc4 Nc6 35. Kf1 e5 36. Ke2 Kf7 37. Kd3 Ke6 38. Nb6 f5 39. Kc4 Na7 40. Nd5 g5
41. Nc7+ Kd7 42. Nb5 Nxb5 43. Kxb5 e4 44. Kxa5 f4 45. Kxb4 g4 46. Kc3 1-0

[Event "24th Abu Dhabi Masters"]
[Site "Abu Dhabi UAE"]
[Date "2017.08.19"]
[Round "5.58"]
[White "Arshavskij, Viktor"]
[Black "Bhagwat, Vinod"]
[Result "1/2-1/2"]
[BlackTitle "CM"]
[WhiteElo "2141"]
[BlackElo "2109"]
[WhiteFideId "4125045"]
[BlackFideId "5005949"]
[EventDate "2017.08.14"]

1. d4 Nf6 2. Bf4 e6 3. e3 b6 4. Nf3 Bb7 5. Nbd2 Bd6 6. Bg3 Ne4 7. Bd3 Nxg3 8.
hxg3 h6 9. c3 Be7 10. e4 d6 11. Qe2 Nd7 12. O-O-O Bg5 13. d5 e5 14. Kb1 Bxd2 15.
Qxd2 Qe7 16. Nh4 O-O-O 17. Nf5 Qf6 18. Rdf1 Rhg8 19. f4 Nc5 20. Bc2 Rde8 21. b4
Nd7 22. Ne3 Qd8 23. Ba4 exf4 24. Rxf4 f6 25. Bxd7+ Qxd7 26. Qd3 Re5 27. Nf5 Rge8
28. c4 g6 29. Nd4 Qa4 30. Rxh6 Qxb4+ 31. Kc2 g5 32. Rfxf6 Rxe4 33. Re6 Qa4+ 34.
Qb3 Qd7 35. Qd3 1/2-1/2